Избранное: пер. с рум.; Слеза; Песня любви; Расправа; Жена; Монисто; Нищий; Хоровод смерти; Биби; Лебединная песня; Развод; Катастрофа; Дезертир Ицек Штруль; На весах справедливости; Лес повешенных

Detalhes bibliográficos
Autor principal: Ребряну Л. Ливиу
Outros Autores: Носенко Т. (автор предисловия)
Idioma:russo
Publicado em: Москва, Художественная литература, 1987
TOC:Слеза; Песня любви; Расправа; Жена; Монисто; Нищий; Хоровод смерти; Биби; Лебединная песня; Развод; Катастрофа; Дезертир Ицек Штруль; На весах справедливости;
Лес повешенных;
Assuntos:
Formato: Livro
KOHA link:https://koha.lib.tpu.ru/cgi-bin/koha/opac-detail.pl?biblionumber=359510

MARC

LEADER 00000nam0a2200000 4500
001 359510
005 20231102011210.0
035 |a (RuTPU)RU\TPU\retro\16790 
090 |a 359510 
100 |a 20201111d1987 m y0rusy50 ca 
101 1 |a rus  |c rum 
102 |a RU 
105 |a c z 001ay 
200 1 |a Избранное  |e пер. с рум.  |f Л. Ребряну  |g авт. предисл. Т. Носенко 
210 |a Москва  |c Художественная литература  |d 1987 
215 |a 349 с.  |c портр. 
320 |a Вступительная статья: с. 3-16 
464 |t Слеза; Песня любви; Расправа; Жена; Монисто; Нищий; Хоровод смерти; Биби; Лебединная песня; Развод; Катастрофа; Дезертир Ицек Штруль; На весах справедливости  |o новеллы 
464 |t Лес повешенных  |o роман 
606 1 |a Румынская литература  |2 stltpush  |3 (RuTPU)RU\TPU\subj\26355  |9 50304 
610 1 |a художественная литература 
610 1 |a новеллы 
610 1 |a романы 
675 |a 859.0  |v 4 
700 1 |a Ребряну  |b Л.  |g Ливиу  |4 070 
702 1 |a Носенко  |b Т.  |4 080 
801 1 |a RU  |b 63413507  |c 20201111 
801 2 |a RU  |b 63413507  |c 20210603  |g RCR 
942 |c BK